[Event "Calchess State"]
[Site "Union City"]
[Date "2018.09.03"]
[Round "5"]
[White "Sheng, Joshua"]
[Black "O Connor, Derek"]
[Result "1-0"]
[WhiteElo "2447"]
[BlackElo "2232"]
[PlyCount "103"]
[EventDate "2018.09.01"]
[EventType "swiss"]
[EventRounds "6"]
[EventCountry "USA"]
[SourceTitle "CBM 186 Extra"]
[Source "ChessBase"]
[SourceDate "2018.08.24"]
[SourceVersion "1"]
[SourceVersionDate "2018.08.24"]
[SourceQuality "1"]

1. e4 e5 2. Nf3 Nc6 3. Bc4 Bc5 4. 0-0 Nf6 5. d3 0-0 6. Bg5 h6 7. Bh4 Be7 8. Bg3 d6 9. a4 Na5 10. Ba2 c5 11. c3 a6 12. Re1 Bg4 13. h3 Bh5 14. Nbd2 b5 15. axb5 axb5 16. Qb1 Nc6 17. Nh2 Qd7 18. Nhf1 Bg6 19. Ne3 Kh7 20. f3 Nh5 21. Bf2 Nf4 22. Ndf1 Rfb8 23. Qc2 Ra5 24. Bb3 Rba8 25. Rad1 Bd8 26. Nd5 Nxd5 27. Bxd5 R8a6 28. Bb3 Bb6 29. Ne3 Ne7 30. Qe2 f6 31. Kh2 Ra8 32. Nd5 Nxd5 33. Bxd5 R8a6 34. d4 c4 35. dxe5 fxe5 36. Bg3 Qe7 37. f4 Qe8 38. Qf1 Ra7 39. Rd2 Bf7 40. fxe5 dxe5 41. Qf5+ Bg6 42. Qxe5 Re7 43. Qf4 Bc7 44. e5 Ra6 45. Rf2 Bb6 46. Rfe2 Bc7 47. Bh4 Rd7 48. Qf3 Qb8 49. Kh1 Bd3 50. Re3 Bb6 51. Rxd3 cxd3 52. Qf5+ 1-0

[Event "Calchess State"]
[Site "Union City"]
[Date "2018.09.01"]
[Round "2"]
[White "Sloan, Sam"]
[Black "O Connor, Derek"]
[Result "0-1"]
[WhiteElo "1875"]
[BlackElo "2232"]
[PlyCount "60"]
[EventDate "2018.09.01"]
[EventType "swiss"]
[EventRounds "6"]
[EventCountry "USA"]
[SourceTitle "CBM 186 Extra"]
[Source "ChessBase"]
[SourceDate "2018.08.24"]
[SourceVersion "1"]
[SourceVersionDate "2018.08.24"]
[SourceQuality "1"]

1. g4 d5 2. Bg2 c6 3. h3 e5 4. d4 e4 5. c4 Ne7 6. Bg5 Be6 7. Nc3 Qd7 8. Rc1 Ng6 9. Qa4 h6 10. cxd5 cxd5 11. Qxd7+ Kxd7 12. Bd2 Nc6 13. f4 Nh4 14. Bf1 f5 15. e3 Be7 16. Kf2 Rhf8 17. Nge2 Nf3 18. Rc2 Nb4 19. gxf5 Bxf5 20. Rc1 Nxd2 21. Ng3 Nxf1 22. Kxf1 Nd3 23. Rd1 Be6 24. Ke2 g5 25. f5 Bxf5 26. Rdf1 Be6 27. Ngxe4 dxe4 28. Nxe4 Nxb2 29. Rb1 Bf5 30. Rxb2 Bxe4 0-1

[Event "Philadelphia int op 12th"]
[Site "Philadelphia"]
[Date "2018.07.01"]
[Round "6"]
[White "O Connor, Derek"]
[Black "Lokander, Martin"]
[Result "0-1"]
[WhiteElo "2245"]
[BlackElo "2386"]
[PlyCount "134"]
[EventDate "2018.06.28"]
[EventType "swiss"]
[EventRounds "9"]
[EventCountry "USA"]
[SourceTitle "CBM 185 Extra"]
[Source "ChessBase"]
[SourceDate "2018.07.29"]
[SourceVersion "1"]
[SourceVersionDate "2018.07.29"]
[SourceQuality "1"]

1. d4 d5 2. c4 c6 3. Nf3 Nf6 4. e3 e6 5. b3 Nbd7 6. Bb2 Bd6 7. Bd3 0-0 8. 0-0 b6 9. Nbd2 Bb7 10. Ne5 c5 11. f4 Ne4 12. cxd5 Nxd2 13. Qxd2 Bxd5 14. Nc4 Be7 15. Qc2 h6 16. Qe2 cxd4 17. Bxd4 Bf6 18. Bxf6 Qxf6 19. e4 Bxc4 20. Bxc4 Qd4+ 21. Kh1 Nc5 22. Rae1 Rad8 23. f5 Qe5 24. b4 Nd7 25. fxe6 fxe6 26. Qg4 Rfe8 27. Qg6 Kh8 28. Bb3 Nf6 29. Rf3 Rf8 30. Ref1 a5 31. bxa5 bxa5 32. Qg3 Qxg3 33. hxg3 e5 34. Bd5 Rd6 35. Ra3 Ra6 36. Rb1 Rd8 37. Rb5 Rc8 38. Rb1 Rc5 39. Rd3 Rb6 40. Rbd1 Rb2 41. Rb3 Rxb3 42. axb3 h5 43. Kg1 Kh7 44. Rf1 Kh6 45. Rf5 Kg6 46. g4 Rc1+ 47. Kf2 Nxg4+ 48. Kg3 Kh6 49. Rf3 g6 50. Be6 Kg5 51. Bxg4 h4+ 52. Kh2 Kxg4 53. Rf6 g5 54. Rf5 Rc5 55. Kg1 Rb5 56. Kh2 Kh5 57. Kg1 Kg6 58. Kh2 g4 59. Rf8 Rxb3 60. Rg8+ Kh5 61. Re8 Rb5 62. Rf8 a4 63. Ra8 Rb4 64. Ra5 Rxe4 65. Kg1 g3 66. Kf1 Kg4 67. Ra8 Kf4 0-1

[Event "Las Vegas National op"]
[Site "Las Vegas"]
[Date "2018.06.22"]
[Round "3"]
[White "Wongso, Steve"]
[Black "O Connor, Derek"]
[Result "0-1"]
[WhiteElo "1571"]
[BlackElo "2245"]
[PlyCount "90"]
[EventDate "2018.06.21"]
[EventType "swiss"]
[EventRounds "7"]
[EventCountry "USA"]
[SourceTitle "CBM 185 Extra"]
[Source "ChessBase"]
[SourceDate "2018.07.29"]
[SourceVersion "1"]
[SourceVersionDate "2018.07.29"]
[SourceQuality "1"]

1. e4 e5 2. Nf3 Nc6 3. Bb5 a6 4. Ba4 Nf6 5. 0-0 Be7 6. Re1 b5 7. Bb3 d6 8. c3 0-0 9. d4 Bg4 10. Be3 exd4 11. cxd4 d5 12. e5 Ne4 13. h3 Bh5 14. g4 Bg6 15. Nh2 Bb4 16. Re2 f6 17. f3 Ng5 18. f4 Nxh3+ 19. Kg2 Nxf4+ 20. Bxf4 fxe5 21. dxe5 Ne7 22. Bg5 c6 23. Nc3 Kh8 24. Bc2 Qe8 25. a3 Bc5 26. b4 Bb6 27. Bxe7 Bxc2 28. Qxc2 Qxe7 29. Nf3 Rf4 30. Rh1 Rxg4+ 31. Kf1 h6 32. Qf5 Rc4 33. Reh2 Qf8 34. Qd3 Qf4 35. Ke2 Re4+ 36. Nxe4 dxe4 37. Qc3 exf3+ 38. Qxf3 Qxe5+ 39. Kf1 Qd6 40. Rh5 Re8 41. Rf5 Kh7 42. Rf7 Qd2 43. Qf5+ Kg8 44. Rxg7+ Kxg7 45. Qg4+ Qg5 0-1

[Event "North American op 27th"]
[Site "Las Vegas"]
[Date "2017.12.26"]
[Round "2"]
[White "Brown, Michael William"]
[Black "O Connor, Derek"]
[Result "1-0"]
[WhiteElo "2506"]
[BlackElo "2201"]
[PlyCount "81"]
[EventDate "2017.12.26"]
[EventType "swiss"]
[EventRounds "9"]
[EventCountry "USA"]
[SourceTitle "CBM 182 Extra"]
[Source "ChessBase"]
[SourceDate "2018.02.23"]
[SourceVersion "1"]
[SourceVersionDate "2018.02.23"]
[SourceQuality "1"]

1. d4 Nf6 2. c4 c5 3. d5 e6 4. Nc3 exd5 5. cxd5 d6 6. Nf3 g6 7. h3 Bg7 8. Bf4 a6 9. a4 0-0 10. e3 Re8 11. Nd2 Nbd7 12. Be2 Ne5 13. 0-0 Nfd7 14. Re1 f5 15. Bh2 b6 16. Qb3 Rb8 17. Bf1 Qf6 18. f4 Nf7 19. Kh1 Qd8 20. e4 fxe4 21. Ndxe4 Nf6 22. Ng5 Nxg5 23. fxg5 Rxe1 24. Rxe1 Ne8 25. Bf4 b5 26. axb5 axb5 27. Ne4 Rb7 28. Qg3 Rb6 29. Bd2 b4 30. b3 Bf5 31. Bf4 Bd4 32. Qf3 Ng7 33. g4 Bxe4 34. Qxe4 Rb7 35. Bd3 Rf7 36. Kg2 Qf8 37. Rf1 Ne8 38. Qe6 Kh8 39. Be5+ Bxe5 40. Rxf7 Qg8 41. Bb5 1-0

[Event "San Francisco TNM Fall op"]
[Site "San Francisco"]
[Date "2017.11.28"]
[Round "6"]
[White "O Connor, Derek"]
[Black "Whitehead, Paul A"]
[Result "0-1"]
[WhiteElo "2201"]
[BlackElo "2315"]
[PlyCount "100"]
[EventDate "2017.10.24"]
[EventType "swiss"]
[EventRounds "9"]
[EventCountry "USA"]
[SourceTitle "EXT 2023"]
[Source "ChessBase"]
[SourceDate "2022.10.05"]
[SourceVersion "1"]
[SourceVersionDate "2022.10.05"]
[SourceQuality "1"]

1. d4 Nf6 2. Nf3 b5 3. g3 Bb7 4. Bg2 e6 5. 0-0 c5 6. a4 b4 7. Nbd2 cxd4 8. Nb3 Be7 9. Nbxd4 0-0 10. Re1 d5 11. Ne5 Nfd7 12. Nd3 Nc6 13. Nb3 Na5 14. Nxa5 Qxa5 15. Bd2 Rac8 16. e3 Ba6 17. Bf1 Bxd3 18. cxd3 Qc7 19. d4 a5 20. Ba6 Ra8 21. Rc1 Qa7 22. Bd3 Rfc8 23. b3 Qb7 24. e4 Rxc1 25. Bxc1 Rc8 26. exd5 Qxd5 27. Be4 Qd6 28. Bf4 Qb6 29. Be3 Nf6 30. d5 Qd8 31. Bg5 Nxe4 32. Bxe7 Qxd5 33. f3 Nd2 34. Kg2 Nxb3 35. Qe2 Qc4 36. Qf2 Nd4 37. Bg5 Qc2 38. Bd2 Nb3 39. Re2 Nxd2 40. Rxd2 b3 41. Kh3 Qf5+ 42. g4 Qf4 43. Qc5 Qxf3+ 44. Kh4 Rf8 45. Qxa5 Qe3 46. Rd8 g5+ 47. Kh5 Rxd8 48. Qxd8+ Kg7 49. h4 b2 50. hxg5 Qh3# 0-1

[Event "San Francisco TNM Fall op"]
[Site "San Francisco"]
[Date "2017.10.31"]
[Round "2"]
[White "O Connor, Derek"]
[Black "Poling, Scott"]
[Result "1-0"]
[WhiteElo "2201"]
[BlackElo "1864"]
[PlyCount "59"]
[EventDate "2017.10.24"]
[EventType "swiss"]
[EventRounds "9"]
[EventCountry "USA"]
[SourceTitle "EXT 2023"]
[Source "ChessBase"]
[SourceDate "2022.10.05"]
[SourceVersion "1"]
[SourceVersionDate "2022.10.05"]
[SourceQuality "1"]

1. d4 Nf6 2. Nf3 e6 3. c4 c5 4. d5 b5 5. Bf4 d6 6. e4 e5 7. Bg5 Qa5+ 8. Bd2 b4 9. Bd3 Qc7 10. h3 Be7 11. 0-0 0-0 12. Be3 a5 13. Nbd2 Ne8 14. Nh2 a4 15. Qe2 Qd8 16. Rae1 Nd7 17. Kh1 Kh8 18. Rg1 Bg5 19. Ndf1 Bxe3 20. Nxe3 g6 21. g4 Ng7 22. Qd2 g5 23. Nf5 Nxf5 24. gxf5 Rg8 25. Rg3 b3 26. a3 Nf6 27. Rxg5 Qa5 28. Rxg8+ Nxg8 29. Qe3 Ba6 30. Rg1 1-0

[Event "San Francisco TNM Summer op"]
[Site "San Francisco"]
[Date "2017.07.11"]
[Round "7"]
[White "Diaz, Conrado"]
[Black "O Connor, Derek"]
[Result "1/2-1/2"]
[WhiteElo "2238"]
[BlackElo "2206"]
[PlyCount "96"]
[EventDate "2017.05.23"]
[EventType "swiss"]
[EventRounds "8"]
[EventCountry "USA"]
[SourceTitle "EXT 2023"]
[Source "ChessBase"]
[SourceDate "2022.10.05"]
[SourceVersion "1"]
[SourceVersionDate "2022.10.05"]
[SourceQuality "1"]

1. d4 Nf6 2. Nf3 d5 3. Bf4 c5 4. c3 Nc6 5. e3 Qb6 6. Qc2 g6 7. Nbd2 Bg7 8. h3 0-0 9. Be2 Bf5 10. dxc5 Qxc5 11. Qb3 Na5 12. Qb5 Qxb5 13. Bxb5 Rac8 14. Be5 a6 15. Ba4 Bd3 16. Bb3 Rfd8 17. Nd4 Nc4 18. Bxc4 dxc4 19. f4 Bf8 20. Bxf6 exf6 21. Kf2 b5 22. a3 Rc7 23. Rhe1 Rb8 24. e4 Bc5 25. N2f3 a5 26. e5 f5 27. g4 b4 28. axb4 axb4 29. Kg3 fxg4 30. hxg4 Rd8 31. e6 Bxd4 32. Nxd4 f5 33. g5 Be4 34. Ra4 b3 35. Rd1 Kf8 36. Ra5 Ke7 37. Rd2 Ra8 38. Rxa8 Bxa8 39. Nb5 Rc5 40. Nd4 Rd5 41. Rh2 Rxd4 42. cxd4 Kxe6 43. Rd2 Be4 44. Kf2 Bc2 45. Re2+ Kd5 46. Re3 Kxd4 47. Rc3 Bd3 48. Kf3 Be4+ 1/2-1/2

[Event "San Francisco TNM Spring op"]
[Site "San Francisco"]
[Date "2017.05.02"]
[Round "8"]
[White "Shaw, Tenzing W"]
[Black "O Connor, Derek"]
[Result "1/2-1/2"]
[WhiteElo "2220"]
[BlackElo "2091"]
[PlyCount "77"]
[EventDate "2017.03.14"]
[EventType "swiss"]
[EventRounds "8"]
[EventCountry "USA"]
[SourceTitle "EXT 2023"]
[Source "ChessBase"]
[SourceDate "2022.10.05"]
[SourceVersion "1"]
[SourceVersionDate "2022.10.05"]
[SourceQuality "1"]

1. e4 e5 2. Nf3 Nc6 3. Bb5 a6 4. Ba4 Nf6 5. 0-0 b5 6. Bb3 Bb7 7. d3 Bc5 8. Nc3 d6 9. a4 b4 10. Ne2 h6 11. Ng3 0-0 12. a5 d5 13. Qe2 Re8 14. c3 Nb8 15. Bd2 bxc3 16. Bxc3 Nbd7 17. Rfc1 Bf8 18. Ba4 Re6 19. b4 c6 20. Qb2 Qe8 21. Rc2 g6 22. Bd2 Kh7 23. h4 Qe7 24. h5 Rb8 25. Qc1 Rc8 26. exd5 Nxd5 27. Rc4 Bg7 28. Ra2 N7f6 29. d4 Nd7 30. Bc2 e4 31. Ne5 Bxe5 32. dxe5 Nxe5 33. Rxe4 c5 34. bxc5 Rxc5 35. Qb1 Rb5 36. Rb2 Bc6 37. Rxb5 Bxb5 38. Rd4 Nf6 39. Qd1 1/2-1/2

[Event "San Francisco TNM Spring op"]
[Site "San Francisco"]
[Date "2017.03.14"]
[Round "1"]
[White "O Connor, Derek"]
[Black "Malykin, Erika"]
[Result "1-0"]
[WhiteElo "2091"]
[BlackElo "1567"]
[PlyCount "55"]
[EventDate "2017.03.14"]
[EventType "swiss"]
[EventRounds "8"]
[EventCountry "USA"]
[SourceTitle "EXT 2023"]
[Source "ChessBase"]
[SourceDate "2022.10.05"]
[SourceVersion "1"]
[SourceVersionDate "2022.10.05"]
[SourceQuality "1"]

1. d4 Nf6 2. Nf3 e6 3. c4 Bb4+ 4. Bd2 Qe7 5. g3 b6 6. Bg2 Bb7 7. 0-0 h6 8. Nc3 c5 9. d5 exd5 10. Nh4 g6 11. cxd5 d6 12. Qc2 Nbd7 13. e4 Ne5 14. a3 Bxc3 15. Bxc3 0-0-0 16. b4 Rhg8 17. Rfe1 Qc7 18. Qd2 g5 19. Nf5 h5 20. bxc5 bxc5 21. Ba5 Nc4 22. Bxc7 Nxd2 23. Bxd6 Rge8 24. Be7 Rxe7 25. Nxe7+ Kd7 26. Nc6 Re8 27. e5 Nxd5 28. Na5 1-0

[Event "San Francisco TNM Winter op"]
[Site "San Francisco"]
[Date "2017.02.21"]
[Round "8"]
[White "Porlares, Teodoro"]
[Black "O'Connor, Derek"]
[Result "0-1"]
[WhiteElo "1822"]
[BlackElo "2091"]
[PlyCount "84"]
[EventDate "2017.01.03"]
[EventType "swiss"]
[EventRounds "8"]
[EventCountry "USA"]
[SourceTitle "EXT 2018"]
[Source "ChessBase"]
[SourceDate "2017.10.13"]
[SourceVersion "1"]
[SourceVersionDate "2017.10.13"]
[SourceQuality "1"]

1. d4 Nf6 2. c4 e6 3. Nf3 Bb4+ 4. Bd2 Qe7 5. g3 Nc6 6. Bg2 Bxd2+ 7. Nbxd2 d6 8. 0-0 0-0 9. e4 e5 10. d5 Nb8 11. Qc2 a5 12. a3 a4 13. b4 axb3 14. Nxb3 Na6 15. Nfd2 Bd7 16. Qc3 Ba4 17. f4 Rfe8 18. f5 Nd7 19. g4 Bxb3 20. Qxb3 Qg5 21. Qc3 Nf6 22. h3 Nc5 23. Rf2 Ra4 24. Re2 h5 25. Bf3 hxg4 26. hxg4 Nxg4 27. Bxg4 Qxg4+ 28. Rg2 Qh4 29. Rf1 Rea8 30. Ra1 Kf8 31. Rh2 Nxe4 32. Qc2 Qg3+ 33. Rg2 Qe3+ 34. Kh2 Nxd2 35. Qxd2 Qxd2 36. Rxd2 Rxa3 37. Rb1 Ra2 38. Rbb2 Rxb2 39. Rxb2 b6 40. Kg3 Ke7 41. Kg4 Ra4 42. Rc2 b5 0-1

[Event "San Francisco TNM Fall op"]
[Site "San Francisco"]
[Date "2016.10.25"]
[Round "2"]
[White "O'Connor, Derek"]
[Black "Steigum, Erling"]
[Result "1-0"]
[WhiteElo "2094"]
[BlackElo "1916"]
[PlyCount "35"]
[EventDate "2016.10.18"]
[EventType "swiss"]
[EventRounds "9"]
[EventCountry "USA"]
[SourceTitle "EXT 2018"]
[Source "ChessBase"]
[SourceDate "2017.10.13"]
[SourceVersion "1"]
[SourceVersionDate "2017.10.13"]
[SourceQuality "1"]

1. d4 Nf6 2. Nf3 e6 3. c4 Bb4+ 4. Bd2 Qe7 5. g3 Bxd2+ 6. Nbxd2 d5 7. Bg2 Nbd7 8. 0-0 0-0 9. Qc2 Rd8 10. cxd5 exd5 11. Qxc7 b6 12. Ne5 Ne8 13. Nc6 Nxc7 14. Nxe7+ Kf8 15. Nxd5 Nxd5 16. Bxd5 Rb8 17. e3 Nf6 18. Bf3 1-0

[Event "San Francisco Benson Memorial"]
[Site "San Francisco"]
[Date "2016.09.13"]
[Round "7"]
[White "O'Connor, Derek"]
[Black "Bayaraa, Chinguun"]
[Result "0-1"]
[WhiteElo "2094"]
[BlackElo "2061"]
[PlyCount "120"]
[EventDate "2016.08.02"]
[EventType "swiss"]
[EventRounds "9"]
[EventCountry "USA"]
[SourceTitle "EXT 2018"]
[Source "ChessBase"]
[SourceDate "2017.10.13"]
[SourceVersion "1"]
[SourceVersionDate "2017.10.13"]
[SourceQuality "1"]

1. d4 d5 2. c4 e6 3. Nc3 Nf6 4. Nf3 Be7 5. Bf4 c6 6. e3 0-0 7. Bd3 b6 8. 0-0 Bb7 9. Qc2 h6 10. e4 dxe4 11. Nxe4 Na6 12. Nxf6+ Bxf6 13. Be4 Qe7 14. Rac1 Rfd8 15. c5 Bxd4 16. Nxd4 Rxd4 17. Be3 Rd7 18. cxb6 axb6 19. Bxb6 Nb4 20. Qb3 Nd5 21. Bc5 Qf6 22. Rfd1 e5 23. Qh3 Rad8 24. Qf5 g6 25. Qxf6 Nxf6 26. Bf3 Nd5 27. g3 f5 28. Be2 Kf7 29. Bc4 Kf6 30. f3 Ra8 31. Kf2 Ba6 32. Bb3 Bb7 33. Ba3 e4 34. fxe4 fxe4 35. Bc5 Re8 36. Bd4+ Kg5 37. Rc5 Kg4 38. Bc4 Kh3 39. Kg1 Ne3 40. Be2 Red8 41. Bxe3 Rxd1+ 42. Bxd1 Rxd1+ 43. Kf2 g5 44. Rc1 Rd7 45. Kg1 Ba6 46. Kf2 Rf7+ 47. Kg1 Rd7 48. Kf2 Bb5 49. b3 Kxh2 50. Rc5 Rf7+ 51. Ke1 Kxg3 52. a4 Bd3 53. Rxc6 Kf3 54. Bc1 g4 55. Rxh6 g3 56. Bb2 g2 57. Bd4 e3 58. Rh3+ Kg4 59. Rxe3 g1Q+ 60. Kd2 Qb1 0-1

[Event "San Francisco Benson Memorial"]
[Site "San Francisco"]
[Date "2016.09.06"]
[Round "6"]
[White "O'Connor, Derek"]
[Black "Boldi, Ethan Vaughn"]
[Result "1-0"]
[WhiteElo "2094"]
[BlackElo "1814"]
[PlyCount "111"]
[EventDate "2016.08.02"]
[EventType "swiss"]
[EventRounds "9"]
[EventCountry "USA"]
[SourceTitle "EXT 2018"]
[Source "ChessBase"]
[SourceDate "2017.10.13"]
[SourceVersion "1"]
[SourceVersionDate "2017.10.13"]
[SourceQuality "1"]

1. d4 e6 2. c4 d5 3. Nc3 Bb4 4. Nf3 Nf6 5. Bg5 h6 6. Bh4 c6 7. e3 Qa5 8. Qb3 Nbd7 9. Bd3 a6 10. 0-0 b5 11. cxd5 cxd5 12. a4 Bxc3 13. axb5 Qb4 14. Qxc3 Qxc3 15. bxc3 a5 16. Bg3 0-0 17. Bd6 Re8 18. Bc7 a4 19. Rfb1 Bb7 20. b6 Ra5 21. Ra3 Rea8 22. Bb5 g5 23. Rb4 Kf8 24. Rbxa4 Rxa4 25. Rxa4 Rxa4 26. Bxa4 Ke7 27. Nd2 Ne8 28. c4 Nxc7 29. Bxd7 Na8 30. Bb5 dxc4 31. Nxc4 Bd5 32. Ba6 Kd8 33. b7 Bxb7 34. Bxb7 Nc7 35. f3 Ke7 36. e4 f6 37. Kf2 Ne8 38. Ke3 Ng7 39. g4 Kd7 40. d5 e5 41. Bc6+ Kc7 42. Ba4 h5 43. gxh5 Nxh5 44. d6+ Kd8 45. Na5 Nf4 46. Nb7+ Kc8 47. d7+ Kxb7 48. d8Q g4 49. Qd7+ Ka6 50. fxg4 f5 51. gxf5 Ng2+ 52. Kd3 Nf4+ 53. Kc4 Ne6 54. Bb5+ Kb6 55. fxe6 Ka5 56. Qa7# 1-0

[Event "San Francisco Benson Memorial"]
[Site "San Francisco"]
[Date "2016.08.09"]
[Round "2"]
[White "O'Connor, Derek"]
[Black "Andries, Craig"]
[Result "1-0"]
[WhiteElo "2094"]
[BlackElo "1877"]
[PlyCount "135"]
[EventDate "2016.08.02"]
[EventType "swiss"]
[EventRounds "9"]
[EventCountry "USA"]
[SourceTitle "EXT 2018"]
[Source "ChessBase"]
[SourceDate "2017.10.13"]
[SourceVersion "1"]
[SourceVersionDate "2017.10.13"]
[SourceQuality "1"]

1. d4 f5 2. Bg5 g6 3. e3 Bg7 4. Nd2 Nf6 5. Bd3 d5 6. Ngf3 Nbd7 7. c4 e6 8. Ne5 c6 9. 0-0 Qc7 10. f4 Nxe5 11. fxe5 Ng4 12. h3 Nh6 13. Rc1 Nf7 14. Bf4 Qd7 15. b4 0-0 16. Qc2 Qe7 17. c5 Bd7 18. a4 g5 19. Bh2 h5 20. Rf2 g4 21. Bf4 Ng5 22. h4 Nf7 23. g3 Bh6 24. Nb3 Bxf4 25. exf4 Nh8 26. Na5 Be8 27. Qb3 Ng6 28. Bf1 Qc7 29. Qc3 a6 30. Rb2 Bd7 31. Ra1 Rfc8 32. Nb3 Ne7 33. Rbb1 Rcb8 34. Nc1 Qd8 35. Ne2 Kg7 36. Qb2 Ng6 37. Nc3 b6 38. cxb6 Qxb6 39. Qd2 Qd8 40. a5 Ra7 41. Na4 Nf8 42. Rb2 Qe8 43. Rc1 Ng6 44. Qc3 Qe7 45. Rcb1 Kf7 46. Qc5 Qxc5 47. bxc5 Rxb2 48. Rxb2 Ne7 49. Kf2 Bc8 50. Ke3 Ke8 51. Nc3 Kd8 52. Na2 Kc7 53. Rb6 Bb7 54. Nb4 Nc8 55. Bxa6 Ba8 56. Bxc8 Kxc8 57. Nxc6 Bxc6 58. Rxc6+ Kd7 59. Rd6+ Ke7 60. a6 Ra8 61. Rb6 Kd7 62. Kd3 Rc8 63. Kc3 Ra8 64. Kb4 Kc7 65. Kb5 Re8 66. Rb7+ Kc8 67. c6 Rd8 68. a7 1-0

[Event "San Francisco TNM Summer op"]
[Site "San Francisco"]
[Date "2016.05.31"]
[Round "2"]
[White "Traub, Igor Vladimirovich"]
[Black "O'Connor, Derek"]
[Result "1-0"]
[WhiteElo "2136"]
[BlackElo "1851"]
[PlyCount "69"]
[EventDate "2016.05.24"]
[EventType "swiss"]
[EventRounds "8"]
[EventCountry "USA"]
[SourceTitle "EXT 2018"]
[Source "ChessBase"]
[SourceDate "2017.10.13"]
[SourceVersion "1"]
[SourceVersionDate "2017.10.13"]
[SourceQuality "1"]

1. d4 d5 2. c4 c6 3. Nf3 Nf6 4. Nc3 a6 5. c5 g6 6. Bf4 Bg7 7. h3 0-0 8. e3 Re8 9. Bd3 Nfd7 10. 0-0 e5 11. Nxe5 Nxe5 12. dxe5 Nd7 13. e6 fxe6 14. Bd6 Ne5 15. Na4 b5 16. Nb6 Ra7 17. a4 Nc4 18. Bxc4 bxc4 19. Qe2 Rb7 20. a5 Rf7 21. e4 Bf8 22. e5 Rf4 23. Ra3 Bh6 24. Rf3 Re4 25. Qd1 Qg5 26. b3 Bg7 27. bxc4 Bxe5 28. Qa4 Bb7 29. Nd7 Bxd6 30. Nf6+ Kh8 31. cxd6 Rd8 32. Nxe4 dxe4 33. Rf7 Ba8 34. Qa1+ e5 35. Re7 1-0